<?xml version="1.0" encoding="UTF-8"?>
<record
    xmlns:xsi="http://www.w3.org/2001/XMLSchema-instance"
    xsi:schemaLocation="http://www.loc.gov/MARC21/slim http://www.loc.gov/standards/marcxml/schema/MARC21slim.xsd"
    xmlns="http://www.loc.gov/MARC21/slim">

  <leader>01537nam a22002537a 4500</leader>
  <controlfield tag="003">AR-BeUNQ</controlfield>
  <controlfield tag="005">20250716145033.0</controlfield>
  <controlfield tag="008">250716b        |||aopcgd5n|| 001 0dspa|d</controlfield>
  <datafield tag="020" ind1=" " ind2=" ">
    <subfield code="a">9789504970187</subfield>
  </datafield>
  <datafield tag="040" ind1=" " ind2=" ">
    <subfield code="a">AR-BeUNQ</subfield>
    <subfield code="c">AR-BeUNQ</subfield>
    <subfield code="e">aacr</subfield>
  </datafield>
  <datafield tag="082" ind1=" " ind2=" ">
    <subfield code="2">21</subfield>
    <subfield code="a">920  REB</subfield>
  </datafield>
  <datafield tag="100" ind1="1" ind2=" ">
    <subfield code="a">Rebel Girls</subfield>
    <subfield code="c">aut.</subfield>
  </datafield>
  <datafield tag="245" ind1=" " ind2=" ">
    <subfield code="a">Cuentos de buenas noches para Ni&#xF1;as rebeldes :</subfield>
    <subfield code="b">100 argentinas extraordinarias</subfield>
    <subfield code="c">Rebel Girls</subfield>
    <subfield code="h">libro.</subfield>
  </datafield>
  <datafield tag="250" ind1=" " ind2=" ">
    <subfield code="a">1a.ed</subfield>
  </datafield>
  <datafield tag="260" ind1=" " ind2=" ">
    <subfield code="a">Ciudad Aut&#xF3;noma de Buenos Aires :</subfield>
    <subfield code="b">Planeta,</subfield>
    <subfield code="c">2021</subfield>
  </datafield>
  <datafield tag="300" ind1=" " ind2=" ">
    <subfield code="a">224 &#xB4;. ; </subfield>
    <subfield code="b">il. ; </subfield>
    <subfield code="c">24x17 cm</subfield>
  </datafield>
  <datafield tag="490" ind1=" " ind2=" ">
    <subfield code="a">Serie Good Nigth</subfield>
  </datafield>
  <datafield tag="500" ind1=" " ind2=" ">
    <subfield code="a">Cuentos de buenas noches para ni&#xF1;as rebeldes es una serie de tres libros infantiles, dirigidos para ni&#xF1;as y ni&#xF1;os de 6 a&#xF1;os en adelante. Los libros fueron financiados a trav&#xE9;s de un sitio web de Micromecenazgo, y rompieron los registros del sitio para la recaudaci&#xF3;n de fondos para una publicaci&#xF3;n de literatura. Cada uno de los libros incluye cien historias cortas con las biograf&#xED;as de mujeres reales que pueden ser un modelo para la ni&#xF1;ez, cada biograf&#xED;a viene acompa&#xF1;ada de ilustraciones realizadas por artistas mujeres de todo el mundo. Fueron traducidos a cuarenta y siete idiomas. A partir de 2021 se publicaron ediciones locales con selecciones de biograf&#xED;as destacadas para diferentes pa&#xED;ses latinoamericanos.</subfield>
  </datafield>
  <datafield tag="600" ind1=" " ind2=" ">
    <subfield code="a">Perspectiva de g&#xE9;nero.</subfield>
  </datafield>
  <datafield tag="650" ind1=" " ind2=" ">
    <subfield code="2">spines</subfield>
    <subfield code="a">Biografias</subfield>
  </datafield>
  <datafield tag="651" ind1=" " ind2=" ">
    <subfield code="2">unescot</subfield>
    <subfield code="a">Argentina</subfield>
  </datafield>
  <datafield tag="929" ind1=" " ind2=" ">
    <subfield code="a">DONACION</subfield>
    <subfield code="b">Lucila Albarellos</subfield>
    <subfield code="c">0</subfield>
    <subfield code="d">0</subfield>
    <subfield code="e">17/2/2025</subfield>
    <subfield code="f">PAT 0083350</subfield>
    <subfield code="g">52</subfield>
    <subfield code="j">63502</subfield>
  </datafield>
  <datafield tag="942" ind1=" " ind2=" ">
    <subfield code="c">LIB</subfield>
  </datafield>
  <datafield tag="999" ind1=" " ind2=" ">
    <subfield code="c">1322</subfield>
    <subfield code="d">1322</subfield>
  </datafield>
  <datafield tag="952" ind1=" " ind2=" ">
    <subfield code="0">0</subfield>
    <subfield code="1">0</subfield>
    <subfield code="a">BIBESET</subfield>
    <subfield code="b">BIBESET</subfield>
    <subfield code="c">circulacion</subfield>
    <subfield code="d">2025-07-16</subfield>
    <subfield code="l">0</subfield>
    <subfield code="o">928 REB</subfield>
    <subfield code="p">63502</subfield>
    <subfield code="r">2025-07-16</subfield>
    <subfield code="w">2025-07-16</subfield>
    <subfield code="y">LIB</subfield>
  </datafield>
</record>
